00270nam a2200097Ia 4500008004100000100002000041245005000061260002000111300000900131650003200140190216s9999||||xx |||||||||||||| ||und|| aCharles Dickens 4aThe Life And Adventures Of Nicholous Nickleby bMacmillanc1965 a188p aEnglish Novel-English Novel